African Cities - Sudden Death - Statistics

General Stats
  • This quiz has been taken 624 times
    120 since last reset
  • The average score is 25 of 38
Answers on the Grid
Answers color-coded by a green-red scale on the quiz's grid according to % correct below.
Kinshasa
Cape Town
Cairo
Alexandria
Mumbai
Chicago
Fes
Praia
London
Moscow
Sydney
Lagos
Buenos Aires
Colombo
Abuja
Tehran
Port Louis
Muscat
Kyiv
Antananarivo
Lisbon
Nassau
Tunis
Tangier
Ottawa
Khartoum
Wellington
Manila
Durban
Brazzaville
Accra
Ouagadougou
Sana'a
Lilongwe
Malabo
Bamako
Medina
Dhaka
Maputo
Ajaccio
Nairobi
Jakarta
Lusaka
Bangkok
Oran
Lubumbashi
Rabat
Dakar
Erbil
Aden
Nouakchott
Juba
Luanda
Ashgabat
Windhoek
Asmara
Libreville
Gaborone
Douala
Varanasi
Mosul
Luxor
Banjul
Pretoria
 
Answer Stats
Answer % Correct
Cape Town
94%
Cairo
93%
Alexandria
89%
Kinshasa
88%
Abuja
81%
Lagos
80%
Khartoum
75%
Tunis
75%
Accra
74%
Fes
73%
Nairobi
72%
Ouagadougou
70%
Pretoria
70%
Brazzaville
69%
Tangier
68%
Antananarivo
67%
Rabat
67%
Maputo
66%
Windhoek
66%
Bamako
65%
Libreville
65%
Lilongwe
65%
Dakar
63%
Luanda
63%
Lusaka
63%
Port Louis
63%
Durban
59%
Juba
59%
Praia
58%
Banjul
57%
Gaborone
57%
Luxor
55%
Malabo
55%
Nouakchott
53%
Asmara
50%
Douala
47%
Lubumbashi
47%
Oran
33%
No matching quizzes found
Score Distribution
Percent of People with Each Score
Percentile by Number Answered
Your Score History
You have not taken this quiz since the last reset